How I Met Your Mother Characters Quiz Stats

 Plays Quiz Updated Sep 17, 2018

Score 0/13 Timer 05:00
11 Plays Today
Actor Character % Correct
Neil Patrick HarrisBarney Stinson
98.8%
Josh RadnorTed Mosby
97%
Alyson HanniganLily Aldrin
95.8%
Jason SegelMarshall Eriksen
95.2%
Cobie SmuldersRobin Scherbatsky
94.1%
Sarah ChalkeStella Zinman
46.6%
Wayne BradyJames Stinson
31.8%
Ashley Williams Victoria
26.3%
Joe Nieves Carl the Bartender
23.3%
Charlene AmoiaWendy the Waitress
21.6%
Marshall ManeshRanjit
20.8%
Joe ManganielloBrad
18.9%
Bryan CranstonHammond Druthers
11.7%

You're not logged in!

Compare scores with friends on all Sporcle quizzes.
OR
Log In

Sporcle TV

Today on Sporcle TV


Watch our educational content, quiz creation guides, and fun videos on Sporcle TV.

Show Comments

Extras

Top Quizzes Today


Score Distribution

Your Account Isn't Verified!

In order to create a playlist on Sporcle, you need to verify the email address you used during registration. Go to your Sporcle Settings to finish the process.

Report this User

Report this user for behavior that violates our Community Guidelines.

Details: